000 00509nam a2200169Ia 4500
008 100917s9999 xx 000 0 und d
082 _b14696
100 _aभिडे भि. गो.
245 _aबाल ब्रम्हचारिणी
260 _b---
_c1918
365 _b0.5
520 _aकादंबरी
630 _aबाल ब्रम्हचारिणी
650 _aकादंबरी
730 _aबाल ब्रम्हचारिणी
942 _cBOOK
999 _c620090
_d620087